书目信息 |
| 题名: |
《资本论》导读
|
|
| 作者: | 袁辉 著 | |
| 分册: | ||
| 出版信息: | 北京 东方出版社 2024 |
|
| 页数: | 225页 | |
| 开本: | 23cm | |
| 丛书名: | 马克思主义经典著作导读(图文版)/李海青总主编 | |
| 单 册: | ||
| 中图分类: | A81 | |
| 科图分类: | ||
| 主题词: | ||
| 电子资源: | ||
| ISBN: | 978-7-5207-3554-4 | |
| 000 | 01095nam0 2200289 450 | |
| 001 | 012735297 | |
| 005 | 20240904100922.8 | |
| 010 | @a978-7-5207-3554-4@dCNY59.80 | |
| 100 | @a20240108d2024 em y0chiy0120 ea | |
| 101 | 0 | @achi |
| 102 | @aCN@b110000 | |
| 105 | @aa z 000yy | |
| 106 | @ar | |
| 200 | 1 | @a《资本论》导读@9《 zi ben lun 》 dao du@dDas Kapital@e图文版@f袁辉著@zger |
| 210 | @a北京@c东方出版社@d2024 | |
| 215 | @a225页@c图,照片@d23cm | |
| 225 | @a马克思主义经典著作导读(图文版)/李海青总主编 | |
| 300 | @a马克思主义经典著作导读(图文版)/李海青总主编 | |
| 304 | @a中央党校创新工程“21世纪马克思主义的重大问题研究”项目组组织编写 | |
| 330 | @a本书以“学原著、读原文、悟原理”为宗旨,共分五章,围绕《资本论》的创作历程、主要内容、思想观点展开全面深入解读,涉及资本的生产过程、流通过程、资本主义生产总过程,以新时代视域阐释《资本论》体现的马克思主义立场观点方法。 | |
| 510 | 1 | @aKapital@zger |
| 586 | @a | |
| 605 | @a《资本论》@x马克思著作研究 | |
| 690 | @aA81@v5 | |
| 701 | 0 | @a袁辉@9yuan hui@4著 |
| 801 | 0 | @aCN@c20240904 |
| 905 | @dA81@eL175:2@f1@sA81/L175:2@S@Z | |
| 《资本论》导读=Das Kapital:图文版/袁辉著.-北京:东方出版社,2024 |
| 225页:图,照片;23cm.-(马克思主义经典著作导读(图文版)/李海青总主编) |
| 马克思主义经典著作导读(图文版)/李海青总主编 |
| ISBN 978-7-5207-3554-4:CNY59.80 |
| 本书以“学原著、读原文、悟原理”为宗旨,共分五章,围绕《资本论》的创作历程、主要内容、思想观点展开全面深入解读,涉及资本的生产过程、流通过程、资本主义生产总过程,以新时代视域阐释《资本论》体现的马克思主义立场观点方法。 |
| ● |
| 相关链接 |
|
|
|
正题名:《资本论》导读
索取号:A81/L175:2
 
预约/预借
| 序号 | 登录号 | 条形码 | 馆藏地/架位号 | 状态 | 备注 |
| 1 | 21612556 | 216125565 | 社科库509/509社科库 3排4列5层/ [索取号:A81/L175:2] | 在馆 |